000 00689nam a2200193Ia 4500
005 20251020182526.0
008 200515s9999 xx 000 0 und d
082 _a691.580/L83
100 _aLOPEZ SANATACRUZ, María Victoria
245 0 _aPintura decorativa
260 _aBarcelona
260 _c1999
500 _a1 ejemplar
520 _aTodo sobre efectos decorativos que pueden lograrse con pintura, aplicados en diferentes superficies: esponjados, drapeados, pátinas de envejecimiento, marmoleado, craquelado, dorado... proyectos paso a paso y fotografías para inspirar su creatividad
650 _aLIB
650 _aPINTURA
650 _aPINTURA DECORATIVA
942 _cLIB
999 _c1900
_d1900